000 00751cab a2200241 4500
001 ABS56951
008 090401t1997 xxu||||| |||| 00| 0 eng d
035 _a(Sirsi) u98393
041 _aeng
100 _aRichardson, C.
245 _aDealing with party walls
260 _c1997
350 _a0
490 _aArchitects` Journal
_v22 May 1997, 36-37(2)
520 _aDeals with the structural issues of party walls for low and medium rise buildings, once the Party Wall etc Act 1996 comes into force on 1 July 1997.
650 _aDEFINITIONS
650 _aPARTY WALL ETC. ACT 1996
650 _aParty walls
_96258
650 _aSTRUCTURAL SURVEY
690 _aBUILT ENVIRONMENT-BUILDING INSPECTION
942 _n0
948 _c27/05/1997
999 _c59791
_d59791